00685nam a2200157 a 4500090001400000041000800014100002700022111013200049245006300181249009500244260005300339300001300392773009500405942001200500999001500512 aLBb05475 aspa aAndrés, Pilar992641 aCurso Internacional de restauración ecológica de áreas degradadas por minería a cielo abiertocBogotád2008n2992642 aRestauración ecológicabObjetivos y aspectos generales aRestauración ecológica de áreas degradadas por minería a cielo abierto en Colombia aBogotábPontificia Universidad Javerianac2009 a21-33 p. tRestauración ecológica de áreas degradadas por minería a cielo abierto en Colombia cIMPRESO c6855d6855